[Event "Belgrade-chT Quality"]
[Site "Belgrade"]
[Date "2019.10.05"]
[Round "1.8"]
[White "Vojvodic, Pavle"]
[Black "Mitrovic, Ratko"]
[Result "1/2-1/2"]
[WhiteElo "1655"]
[BlackElo "1732"]
[PlyCount "85"]
[EventDate "2019.10.05"]
[EventType "team-tourn"]
[EventRounds "11"]
[EventCountry "SRB"]
[SourceTitle "EXT 2022"]
[Source "ChessBase"]
[SourceDate "2021.10.06"]
[SourceVersion "1"]
[SourceVersionDate "2021.10.06"]
[SourceQuality "1"]
[WhiteTeam "Teleoptik"]
[BlackTeam "BASK"]
[WhiteTeamCountry "SRB"]
[BlackTeamCountry "SRB"]

1. c4 e6 2. Nc3 Nf6 3. d4 d5 4. Nf3 Nbd7 5. Bf4 Bb4 6. e3 Ne4 7. Qb3 Bxc3+ 8. bxc3 c6 9. cxd5 exd5 10. Bd3 0-0 11. 0-0 Ndf6 12. Qc2 h6 13. Rab1 b5 14. Ne5 Bb7 15. c4 a6 16. a4 Rc8 17. f3 Ng5 18. Qe2 dxc4 19. Bf5 Ne6 20. Bxe6 fxe6 21. Nxc4 Nd5 22. Be5 Nc3 23. Qf2 Nxb1 24. Nd6 Rc7 25. Rxb1 Rd7 26. Ne4 Bc8 27. Qg3 Rf5 28. Nd6 Rg5 29. Qf4 Re7 30. Qe4 Bd7 31. g4 Be8 32. Rc1 h5 33. h4 Rg6 34. g5 bxa4 35. Rb1 Kh7 36. Nb7 Qd5 37. Qxd5 exd5 38. Nc5 Bd7 39. Ra1 Bc8 40. Rxa4 Ra7 41. Ra5 Kg8 42. Kf2 Kf7 43. Ke2 1/2-1/2

[Event "Belgrade-chTB Quality"]
[Site "Belgrade"]
[Date "2018.10.07"]
[Round "4.4"]
[White "Popovic, Andrija"]
[Black "Mitrovic, Ratko"]
[Result "1/2-1/2"]
[WhiteElo "2165"]
[BlackElo "1820"]
[PlyCount "58"]
[EventDate "2018.09.29"]
[EventType "team-tourn"]
[EventRounds "11"]
[EventCountry "SRB"]
[SourceTitle "CBM 187 Extra"]
[Source "ChessBase"]
[SourceDate "2018.11.04"]
[SourceVersion "1"]
[SourceVersionDate "2018.11.04"]
[SourceQuality "1"]
[WhiteTeam "Belgrade Polet"]
[BlackTeam "Belgrade BASK"]
[WhiteTeamCountry "SRB"]
[BlackTeamCountry "SRB"]

1. e4 c5 2. Nf3 Nc6 3. d4 cxd4 4. Nxd4 Nf6 5. Nc3 e5 6. Nb3 Bb4 7. Bc4 0-0 8. f3 a5 9. a4 Qb6 10. Qd3 Nd4 11. Be3 Nxc2+ 12. Ke2 Nxe3 13. Qxe3 Qc7 14. Qd3 Bxc3 15. Qxc3 d6 16. Rac1 Qb6 17. Nd2 Bd7 18. b3 Rac8 19. Qd3 Be6 20. Bxe6 fxe6 21. Rxc8 Rxc8 22. Nc4 Qc5 23. Qxd6 Qxd6 24. Nxd6 Rc2+ 25. Kd3 Rxg2 26. Nxb7 Nd7 27. Nxa5 Rf2 28. Ke3 Rc2 29. Nc4 Ra2 1/2-1/2

[Event "Belgrade tt Cup"]
[Site "Belgrade"]
[Date "2012.04.19"]
[Round "2.7"]
[White "Hrzic, Ivan"]
[Black "Mitrovic, Ratko"]
[Result "1-0"]
[WhiteElo "2290"]
[BlackElo "1892"]
[PlyCount "73"]
[EventDate "2012.04.18"]
[EventType "team-swiss"]
[EventRounds "5"]
[EventCountry "SRB"]
[SourceTitle "CBM 148 Extra"]
[Source "ChessBase"]
[SourceDate "2012.06.22"]
[SourceVersion "1"]
[SourceVersionDate "2012.06.22"]
[SourceQuality "1"]
[WhiteTeam "Polet"]
[BlackTeam "BASK II"]
[WhiteTeamCountry "SRB"]
[BlackTeamCountry "SRB"]

1. e4 d6 2. d4 Nf6 3. Nc3 c6 4. f3 g6 5. Be3 Nbd7 6. Qd2 Bg7 7. Nge2 0-0 8. Nf4 Qa5 9. Be2 e5 10. dxe5 dxe5 11. Nd3 Nb6 12. b3 Nbd7 13. 0-0 Rd8 14. Rfd1 Bf8 15. a3 Be7 16. Nd5 Nxd5 17. Qxa5 Nxe3 18. Rdc1 f5 19. Qc3 f4 20. b4 Bd6 21. Nb2 Nb6 22. Qb3+ Kg7 23. Nd1 Nxd1 24. Rxd1 Kf6 25. c4 Be6 26. Kh1 c5 27. Qc3 Rac8 28. b5 g5 29. g3 h5 30. gxf4 gxf4 31. a4 Bc7 32. Qe1 Rg8 33. Qh4+ Rg5 34. Rg1 Rcg8 35. Rxg5 Rxg5 36. Rg1 Bg4 37. fxg4 1-0

[Event "Belgrade Summer op"]
[Site "Belgrade"]
[Date "2009.06.07"]
[Round "5"]
[White "Mitrovic, Ratko"]
[Black "Jandric, Damjan"]
[Result "1-0"]
[WhiteElo "1899"]
[BlackElo "1744"]
[PlyCount "107"]
[EventDate "2009.06.02"]
[EventType "swiss"]
[EventRounds "9"]
[EventCountry "SRB"]
[SourceTitle "EXT 2019"]
[Source "ChessBase"]
[SourceDate "2018.10.10"]
[SourceVersion "1"]
[SourceVersionDate "2018.10.10"]
[SourceQuality "1"]

1. b3 e5 2. Bb2 Nc6 3. d3 d5 4. Nd2 f5 5. Ngf3 Bd6 6. e4 Nf6 7. exd5 Nxd5 8. Nc4 Bb4+ 9. Nfd2 Bc3 10. Bxc3 Nxc3 11. Qc1 b5 12. Qb2 bxc4 13. Qxc3 Qd4 14. Qxd4 Nxd4 15. 0-0-0 cxb3 16. axb3 Kf7 17. Nc4 Re8 18. Re1 Nc6 19. g3 Bb7 20. Bg2 Kf6 21. Rhg1 Rad8 22. Kb2 g5 23. Ra1 Ra8 24. Ne3 Rec8 25. Rge1 Nd8 26. Bxb7 Nxb7 27. Nc4 Re8 28. Ra6+ Nd6 29. Rc6 Re6 30. Rxc7 Nxc4+ 31. dxc4 h6 32. Rd1 e4 33. Rdd7 f4 34. Rf7+ Ke5 35. Rc5+ Kd6 36. Rd5+ Kc6 37. gxf4 gxf4 38. Rxf4 Rg8 39. Rd4 Rge8 40. Rd5 Rg8 41. Rh5 Rg1 42. Rff5 Rgg6 43. b4 e3 44. fxe3 Rxe3 45. c3 Re2+ 46. Kb3 Reg2 47. Ra5 Kb7 48. Rab5+ Kc7 49. Rhc5+ Kd8 50. Rb7 Rxh2 51. Rxa7 Rgg2 52. Rd5+ Kc8 53. c5 h5 54. Rf5 1-0

[Event "Belgrade Summer op"]
[Site "Belgrade"]
[Date "2009.06.04"]
[Round "3"]
[White "Mitrovic, Ratko"]
[Black "Nestorovic, Lazar"]
[Result "0-1"]
[WhiteElo "1899"]
[BlackElo "2201"]
[PlyCount "76"]
[EventDate "2009.06.02"]
[EventType "swiss"]
[EventRounds "9"]
[EventCountry "SRB"]
[SourceTitle "EXT 2019"]
[Source "ChessBase"]
[SourceDate "2018.10.10"]
[SourceVersion "1"]
[SourceVersionDate "2018.10.10"]
[SourceQuality "1"]

1. c4 Nf6 2. Nc3 e5 3. g3 d5 4. cxd5 Nxd5 5. Bg2 Nb6 6. Nf3 Nc6 7. 0-0 Be7 8. d3 0-0 9. Be3 Re8 10. a3 Bf8 11. Qc2 Bg4 12. Ng5 Nd4 13. Qd1 h6 14. Nge4 c6 15. f4 f5 16. Nf2 exf4 17. Bxf4 Bxe2 18. Nxe2 Nxe2+ 19. Kh1 Nxf4 20. gxf4 Qd4 21. Qb3+ Kh8 22. Nh3 Re2 23. Rab1 Rae8 24. Ng1 R2e3 25. Rbd1 Rd8 26. Qf7 Qd7 27. Qh5 Nd5 28. Bh3 Ne7 29. Nf3 g6 30. Qh4 Bg7 31. Qf2 Rxd3 32. Rde1 Nd5 33. Qh4 Ne3 34. Rg1 Qd5 35. Rg3 Rd1 36. Kg1 Re8 37. Bg2 Qc5 38. Rxg6 Nc2+ 0-1

[Event "Belgrade Spring op"]
[Site "Belgrade"]
[Date "2009.03.31"]
[Round "9"]
[White "Mitrovic, Ratko"]
[Black "Kos, Milorad"]
[Result "1/2-1/2"]
[WhiteElo "1943"]
[BlackElo "2023"]
[PlyCount "69"]
[EventDate "2009.03.21"]
[EventType "swiss"]
[EventRounds "9"]
[EventCountry "YUG"]
[SourceTitle "CBM 129 Extra"]
[Source "ChessBase"]
[SourceDate "2009.05.05"]
[SourceVersion "2"]
[SourceVersionDate "2009.05.20"]
[SourceQuality "1"]

1. e4 Nf6 2. e5 Nd5 3. d4 d6 4. c4 Nb6 5. exd6 exd6 6. Nf3 Bg4 7. Bd3 Nc6 8. 0-0 Be7 9. h3 Bh5 10. Be3 0-0 11. Nbd2 h6 12. Qb3 Bxf3 13. Nxf3 Qc8 14. Rad1 Kh8 15. Qb5 d5 16. cxd5 Nb4 17. d6 Bxd6 18. Bb1 N6d5 19. Bc1 a6 20. Qc4 b5 21. Qe2 Nf6 22. Ne5 c6 23. Qf3 Nbd5 24. g4 Ra7 25. g5 Ng8 26. gxh6 gxh6 27. Bf5 Qc7 28. Rfe1 Bxe5 29. dxe5 f6 30. exf6 Rxf6 31. Qh5 Qf7 32. Qxf7 Raxf7 33. Be6 Rg7+ 34. Kh2 Ra7 35. Bxg8 1/2-1/2

[Event "Belgrade Spring op"]
[Site "Belgrade"]
[Date "2009.03.22"]
[Round "2"]
[White "Mitrovic, Ratko"]
[Black "Ruzicic, Momcilo"]
[Result "1-0"]
[WhiteElo "1943"]
[BlackElo "1712"]
[PlyCount "131"]
[EventDate "2009.03.21"]
[EventType "swiss"]
[EventRounds "9"]
[EventCountry "YUG"]
[SourceTitle "CBM 129 Extra"]
[Source "ChessBase"]
[SourceDate "2009.05.05"]
[SourceVersion "2"]
[SourceVersionDate "2009.05.20"]
[SourceQuality "1"]

1. e4 e5 2. Nf3 d6 3. d4 Bg4 4. dxe5 Bxf3 5. Qxf3 dxe5 6. Bc4 Qf6 7. Qb3 b6 8. Nc3 Bc5 9. 0-0 Ne7 10. Be3 0-0 11. Bxc5 bxc5 12. Rad1 Nbc6 13. Nd5 Qh4 14. Qe3 Nd4 15. c3 Nxd5 16. Bxd5 c6 17. Bc4 Ne6 18. g3 Qh3 19. Rd6 Rac8 20. Rfd1 h6 21. R1d2 Kh8 22. Bf1 Qh5 23. h4 Qg4 24. Kh2 Qh5 25. Bh3 Rfe8 26. Qe2 Qxe2 27. Rxe2 c4 28. Kg2 Rc7 29. Red2 Nc5 30. f3 Kh7 31. Kg1 Nd3 32. Bf1 f5 33. exf5 e4 34. fxe4 Rxe4 35. b3 Ne1 36. Rf2 Nd3 37. Rd2 Ne5 38. Bg2 Re1+ 39. Kf2 Rc1 40. Be4 Ng4+ 41. Kg2 Nf6 42. Bc2 cxb3 43. axb3 c5 44. c4 Re7 45. Re6 Rb7 46. Bd1 h5 47. Bc2 a5 48. Re5 a4 49. bxa4 Rb2 50. Ree2 Rb4 51. Bd3 Rxa4 52. Re5 Raa1 53. Rxc5 Rg1+ 54. Kf3 Rae1 55. Rc8 Re7 56. c5 Re8 57. Rxe8 Nxe8 58. f6+ Kg8 59. Bc4+ Kf8 60. f7 Rf1+ 61. Kg2 Rxf7 62. Bxf7 Kxf7 63. c6 Ke7 64. Rd7+ Ke6 65. Rd2 Nc7 66. Kf3 1-0

[Event "Belgrade Zimski op"]
[Site "Belgrade"]
[Date "2005.01.26"]
[Round "4"]
[White "Mitrovic, Ratko"]
[Black "Antonic, Dusan"]
[Result "0-1"]
[WhiteElo "1995"]
[BlackElo "2061"]
[PlyCount "120"]
[EventDate "2005.01.22"]
[EventType "swiss"]
[EventRounds "9"]
[EventCountry "YUG"]
[SourceTitle "CBM 104 Extra"]
[Source "ChessBase"]
[SourceDate "2005.03.01"]
[SourceVersion "1"]
[SourceVersionDate "2005.03.01"]
[SourceQuality "1"]

1. e4 c5 2. Nf3 d6 3. c4 Nc6 4. d4 cxd4 5. Nxd4 Nf6 6. Nc3 g6 7. Be2 Bg7 8. Be3 Bd7 9. g4 h5 10. g5 Nh7 11. h4 Nf8 12. Qd2 Ne6 13. Nc2 Rc8 14. f4 Qa5 15. 0-0 Nc5 16. Nd4 Nxe4 17. Nxe4 Qxd2 18. Nxd2 Nxd4 19. Bd3 b6 20. Rad1 Nf5 21. Bxf5 Bxf5 22. b3 0-0 23. Nf3 Rfd8 24. Bd4 Bg4 25. Bxg7 Kxg7 26. Rde1 e6 27. Nh2 Bf5 28. Rc1 a5 29. Nf3 Kf8 30. Rfe1 Rc5 31. Kf2 Rdc8 32. Rcd1 Rd8 33. Nd4 Bg4 34. Rd2 Ke7 35. a4 d5 36. cxd5 Rdxd5 37. Nc6+ Kf8 38. Rxd5 Rxd5 39. Ke3 Rc5 40. Nd4 Rc3+ 41. Ke4 Bf5+ 42. Ke5 Ke7 43. Nxf5+ gxf5 44. Kd4 Rxb3 45. Rc1 Rb4+ 46. Ke3 Rxa4 47. Rc7+ Kf8 48. Rb7 Rb4 49. Ra7 a4 50. Ra6 Kg7 51. Ra7 b5 52. Ra5 Rb3+ 53. Kd4 a3 54. Ke5 b4 55. Kd6 Rb2 56. Ke7 a2 57. Ra8 Rc2 58. Ke8 b3 59. Ra7 Rc8+ 60. Kd7 Rb8 0-1

[Event "Belgrade Zimski op"]
[Site "Belgrade"]
[Date "2005.01.22"]
[Round "1"]
[White "Irizanin, Radoje"]
[Black "Mitrovic, Ratko"]
[Result "1-0"]
[WhiteElo "2230"]
[BlackElo "1995"]
[PlyCount "77"]
[EventDate "2005.01.22"]
[EventType "swiss"]
[EventRounds "9"]
[EventCountry "YUG"]
[SourceTitle "CBM 104 Extra"]
[Source "ChessBase"]
[SourceDate "2005.03.01"]
[SourceVersion "1"]
[SourceVersionDate "2005.03.01"]
[SourceQuality "1"]

1. d4 Nf6 2. c4 d5 3. cxd5 Qxd5 4. Nc3 Qa5 5. Bd2 c6 6. e4 Qb6 7. Bc4 e5 8. Nf3 exd4 9. Na4 Qc7 10. Ng5 Be6 11. Bxe6 fxe6 12. Qb3 Qd7 13. Qxe6+ Qxe6 14. Nxe6 b5 15. Nac5 Bxc5 16. Nxc5 Nbd7 17. Ne6 Rc8 18. Nxg7+ Kf7 19. Nf5 Nxe4 20. f3 Nxd2 21. Kxd2 Rcd8 22. Rhe1 Kf6 23. Nd6 Nb6 24. Ne4+ Kg6 25. b3 Nd5 26. Rac1 Ne7 27. h4 Rhe8 28. h5+ Kg7 29. Ng5 Rc8 30. Re6 h6 31. Rce1 Rc7 32. Nh3 c5 33. Nf4 Rd7 34. Ng6 Kf7 35. f4 c4 36. f5 d3 37. Ne5+ Kg7 38. Nxd7 c3+ 39. Kxd3 1-0